Central Library OPAC University of Rajshahi
Normal view MARC view

Entry Topical Term

Number of records used in: 9

001 - CONTROL NUMBER

  • control field: 6298

003 - CONTROL NUMBER IDENTIFIER

  • control field: BD-RjUL

005 - DATE AND TIME OF LATEST TRANSACTION

  • control field: 20221212151809.0

008 - FIXED-LENGTH DATA ELEMENTS

  • fixed length control field: 221212|| aca||aabn | a|a d

040 ## - CATALOGING SOURCE

  • Original cataloging agency: BD-RjUL
  • Transcribing agency: BD-RjUL

150 ## - HEADING--TOPICAL TERM

  • Topical term or geographic name entry element: Food supply
  • Form subdivision: Production

670 ## - SOURCE DATA FOUND

  • Source citation: Work cat.: (BD-RjUL)80959: Moral, Md. Jahan Boksh 6297, Agro-Ecology, foodgrain production and poverty in North-West Bangladesh /, 2004